Les 10 titres les plus écoutés sur Spotify en France en 2022 - Statistiques

Statistiques générales
  • Ce quiz a été pris 55 fois
  • Le résultat moyen est 2 sur 10
Statistiques - réponses
Top Nb stream (à l'heure actuel) Musique % Correct
5 108 098 468 Die
57%
1 120 594 821 Jefe
43%
7 82 863 209 Fade Up
26%
2 102 573 594 Tout va bien
19%
4 92 869 761 VVS
19%
8 2 199 796 530 As it was
13%
3 77 040 884 Filtré
11%
6 111 459 927 Suavemente
11%
9 65 159 661 Doudou
9%
10 65 730 178 Clic clic pan pan
6%
Aucun quiz correspondant
Distribution des résultats
% des personnes avec chaque résultat
Percentile par nombre de réponses
Votre historique - résultats
Vous n’avez pas pris ce quiz